000 00263nam a22001217a 4500
008 180220b xxu||||| |||| 00| 0 eng d
041 _aeng
080 _a33
100 _a52
101 _aEKO
245 _aSurveys of economic theory
_cMILLAN,M
942 _2udc
_cBK
999 _c42948
_d42948